| 000 | 00504nam a22001457a 4500 | ||
|---|---|---|---|
| 005 | 20251125160602.0 | ||
| 008 | 251125b |||||||| |||| 00| 0 eng d | ||
| 020 | _a978-1-4057-8935-6 | ||
| 100 | _aREAD, JAMES S. | ||
| 245 | _aLAW REPORTS OF THE COMMONWEALTH 2014 | ||
| 260 |
_aLONDON _bLEXISNEXIS _c2014 |
||
| 300 | _aXXXI, 771P. | ||
| 650 | _a1. LAW REPORTS, DIGESTS, ETC- COMMONWEALTH COUNTRIESN 2. LAW, -COMMONWEALTH COUNTRIES -CASES 3. COMPARATIVE LAW - COMMONWEALTH COUNTRIES | ||
| 942 |
_2lcc _cREF |
||
| 999 |
_c216283 _d216283 |
||